000 01377nam a2200205Ia 4500
003 Ost
005 20260507075017.0
008 260507s9999||||xx |||||||||||||| ||und||
040 _cfsecg
041 _aara
082 _a330
100 _aالبدوي، منصور أحمد
_eمؤلف
245 0 _aدراسات في :
_bالإتجاهات الحديثة في المراجعة /
_c منصور أحمد البدوي
260 _aالإسكندرية:
_bالدار الجامعية,
_c2002
300 _a434 صفحة؛
_bإيضاحات ؛
_c24 سم
520 _aالعوامل التي أدت إلى زيادة الطلب على المراجعة الجوهرية وأثرها على الجهد الذي يبذله-المراجع لأداء العملية بفاعلية-مخاطر المراجعة وأنواعها-الفحص التحليلي-فحص القوائم المالية المرحلية-مراجعة القوائم المالية المختصرة والمعلومات الأخرى المرافقة للقوائم المالية التي تم مراجعتها والمعلومات المالية القطاعية المراجعة عن المهمات ذات الأغراض الخاصة-إختبار المعلومات المالية المستقبلية
653 _aالمراجعةالمالية
653 _aمراجعة الحسابات
942 _cكتاب
999 _c42220
_d42220